Štúdium vplyvu funkcionalizácie povrchov plošných textílií na ich úžitkové vlastnosti dizertačná práca

Enregistré dans:
Détails bibliographiques
Auteur principal: Vencelová, Petronela
Format: Livre
Langue:slovaque
Publié: Bratislava STU FCHPT 2013
Accès en ligne:Voir à l'OPAC
Tags: Ajouter un tag
Pas de tags, Soyez le premier à ajouter un tag!

MARC

LEADER 00000nam a2200000 a 4500
005 20260127134322.0
008 150226 2013 000 0 slo d
035 |a vtls010657360 
039 9 |y 201502261124  |z mschk03 
040 |a STUSCHK1  |b slo  |c STUSCHK1  |e AACR2 
100 1 |a Vencelová, Petronela 
245 1 |a Štúdium vplyvu funkcionalizácie povrchov plošných textílií na ich úžitkové vlastnosti  |b dizertačná práca  |c Petronela Vencelová 
260 |a Bratislava  |b STU FCHPT  |c 2013 
300 |a 102 s.  |b il.  |c 30 cm 
500 |a Študijný program: technológia polymérnych materiálov 
500 |a Študijný odbor: technológia makromolekulových látok 
500 |a Školiace pracovisko: Oddelenie vlákien a textilu 
910 |a SCHK95 
999 |c 9675  |d 9675